00823nas a2200229Ia 4500001001100000003000900011008004100020040001300061040001300074041001300087100004700100210002000147222002000167245010800187250001100295260002800306501008600334300001700420362004400437500007600481650003600557R012/42588IT-RoPAU151124c99999999xx |||||||||||| ||und|| aIT-RoPAU cIT-RoPAU aITALIANO aAccialini FulviogCodice Aut. SPICS: 10098 aCINEMA & CINEMA aCinema & Cinema aCINEMA & CINEMA, ANNO 07-N.22/23 (GENNAIO-GIUGNO 1980)bLosey: Il Convitato di Pietra, Ovvero Il Cinema a1a ed. aVENEZIAbMARSILIOc1980 bPaulus - SPICS - Società San Paolo EM (non-commercial uses only)cCopyright2015 a8 p. [78-85] aANNO 007, N.22/23 (GENNAIO-GIUGNO 1980) aA Proposito del Don Giovanni di Joseph Losey. Rapporto Cinema e Musica. aCINEMAvPUBBLICAZIONE PERIODICA